[Ginn reading program] / (Record no. 12863)

000 -LEADER
fixed length control field 01000nam a2200349Ka 4500
020 ## - INTERNATIONAL STANDARD BOOK NUMBER
ISBN 0663381282 (lvl.K)
020 ## - INTERNATIONAL STANDARD BOOK NUMBER
ISBN 0663381614 (lvl.1)
020 ## - INTERNATIONAL STANDARD BOOK NUMBER
ISBN 0663381940 (lvl.2)
020 ## - INTERNATIONAL STANDARD BOOK NUMBER
ISBN 0663382815 (lvl.3)
020 ## - INTERNATIONAL STANDARD BOOK NUMBER
ISBN 0663383706 (lvl.4)
020 ## - INTERNATIONAL STANDARD BOOK NUMBER
ISBN 0663384583 (lvl.5)
020 ## - INTERNATIONAL STANDARD BOOK NUMBER
ISBN 0663385466 (lvl.6)
020 ## - INTERNATIONAL STANDARD BOOK NUMBER
ISBN 0663386349 (lvl.7)
020 ## - INTERNATIONAL STANDARD BOOK NUMBER
ISBN 0663387213 (lvl.8)
020 ## - INTERNATIONAL STANDARD BOOK NUMBER
ISBN 0663388104 (lvl.9)
020 ## - INTERNATIONAL STANDARD BOOK NUMBER
ISBN 0663388988 (lvl.10)
020 ## - INTERNATIONAL STANDARD BOOK NUMBER
ISBN 0663389860 (lvl.11)
020 ## - INTERNATIONAL STANDARD BOOK NUMBER
ISBN 0663390877 (lvl.12)
020 ## - INTERNATIONAL STANDARD BOOK NUMBER
ISBN 0663391857 (lvl.13)
040 ## - CATALOGING SOURCE
Transcribing agency BGU
082 ## - DEWEY DECIMAL CLASSIFICATION NUMBER
Classification number 428 GIN 1985 A022 Or.
245 00 - TITLE STATEMENT
Title [Ginn reading program] /
260 0# - PUBLICATION, DISTRIBUTION, ETC. (IMPRINT)
Place of publication Lexington, Mass. :
Name of publisher Ginn and Co.,
Year of publication c1985
300 ## - PHYSICAL DESCRIPTION
Number of Pages 14 v. :
Other physical details ill. (some col.) ;
Dimensions 24 x 28 cm
500 ## - GENERAL NOTE
General note Grades K-6, lvls. K-13
500 ## - GENERAL NOTE
General note Lvls, K-1, consumable text
500 ## - GENERAL NOTE
General note $4.20-$13.30
650 #0 - SUBJECT ADDED ENTRY--TOPICAL TERM
Topical Term Reading (Kindergarten)
650 #0 - SUBJECT ADDED ENTRY--TOPICAL TERM
Topical Term Reading (Elementary)
700 10 - ADDED ENTRY--PERSONAL NAME
Personal name Clymer, Theodore
942 ## - ADDED ENTRY ELEMENTS (KOHA)
Koha item type សៀវភៅភាសាអង់គ្លេស
952 ## - LOCATION AND ITEM INFORMATION (KOHA)
Withdrawn status [LOCAL, KOHA] 0
Holdings
Permanent Location Date acquired Koha item type Lost status Shelving location Barcode Current Location Full call number
Library Block A2017-08-17សៀវភៅភាសាអង់គ្លេស A022A17079Library Block A428 GIN 1985 A022 Or.
មជ្ឈមណ្ឌលឯការនៃសាកលវិទ្យាល័យភូមិន្ទកសិកម្មចំការដូង

Powered by Koha